[Event "France Jeunes Belfort 2017"]
[Site "Belfort"]
[Date "2017.04.16"]
[Round "3.2"]
[White "Retailleau, Elise"]
[Black "Joly, Audrey"]
[Result "1-0"]
[WhiteElo "1946"]
[BlackElo "1747"]
[PlyCount "66"]
[EventDate "2017.??.??"]
[TimeControl "6000+580"]
[WhiteClock "0:07:13"]
[BlackClock "0:26:46"]

1. e4 d5 2. exd5 Qxd5 3. d4 c6 4. Nc3 Qa5 5. Bc4 Nf6 6. Bd2 Qc7 7. Nf3 Bf5 8.
O-O e6 9. Re1 Nbd7 10. a3 Nb6 11. Bf1 O-O-O 12. Be3 Nbd5 13. Nxd5 exd5 14. b4
h5 15. h4 Ng4 16. b5 Be4 17. g3 Bd6 18. bxc6 Qxc6 19. a4 a6 20. Ng5 Bg6 21. c4
Rde8 22. cxd5 Qxd5 23. Bg2 Qf5 24. Qb3 Qd7 25. Rac1+ Kd8 26. Bxb7 Nxe3 27. Rc8+
Qxc8 28. Bxc8 Kxc8 29. Rc1+ Nc2 30. Nxf7 Bxf7 31. Rxc2+ Kd7 32. Qxf7+ Re7 33.
Qf5+ Re6 1-0

[Event "France Jeunes Belfort 2017"]
[Site "Belfort"]
[Date "2017.04.16"]
[Round "3.2"]
[White "Saliou, Sarah"]
[Black "Bureau-Leroyer, Lola"]
[Result "1-0"]
[WhiteElo "1684"]
[BlackElo "1635"]
[PlyCount "87"]
[EventDate "2017.??.??"]
[TimeControl "6000+1670"]
[WhiteClock "0:02:48"]
[BlackClock "0:02:01"]

1. c4 e5 2. g3 Nf6 3. Bg2 d5 4. cxd5 Nxd5 5. Nf3 Nc6 6. O-O Be7 7. d4 exd4 8.
Nxd4 Ndb4 9. Nxc6 Qxd1 10. Rxd1 Nxc6 11. Nc3 Bd7 12. Nb5 O-O-O 13. Bxc6 bxc6
14. Nc3 Bh3 15. Be3 Kb7 16. Rdc1 Bf6 17. Ne4 Bd4 18. Bxd4 Rxd4 19. Nc5+ Kb6 20.
Rc3 Rhd8 21. Nd3 c5 22. Rac1 Bg4 23. Rb3+ Kc6 24. Rxc5+ Kd6 25. Rbc3 Bxe2 26.
Rc6+ Ke7 27. Rxc7+ Ke8 28. Ne1 Kf8 29. Re3 Bc4 30. Rxa7 Rd1 31. Kg2 g6 32. b3
Bd5+ 33. Nf3 g5 34. g4 h5 35. Kg3 Bxf3 36. Kxf3 hxg4+ 37. Kxg4 Rg1+ 38. Kf3 Rd2
39. Ree7 g4+ 40. Ke3 Re1+ 41. Kxd2 Rxe7 42. Rxe7 Kxe7 43. Ke3 Ke6 44. Kf4 1-0

[Event "France Jeunes Belfort 2017"]
[Site "Belfort"]
[Date "2017.04.16"]
[Round "3.2"]
[White "Tahay, Alexis"]
[Black "Lever, Erwan"]
[Result "1-0"]
[WhiteElo "2239"]
[BlackElo "2129"]
[PlyCount "61"]
[EventDate "2017.??.??"]
[TimeControl "6000+815"]
[WhiteClock "0:32:20"]
[BlackClock "0:21:44"]

1. e4 c5 2. Nf3 d6 3. d4 cxd4 4. Nxd4 Nf6 5. Nc3 a6 6. Nb3 e6 7. g3 b5 8. Bg2
Bb7 9. a3 Nbd7 10. O-O Qc7 11. f4 Be7 12. Qe2 O-O 13. Bd2 Rac8 14. Rae1 Nb6 15.
f5 exf5 16. exf5 Bxg2 17. Qxg2 Nc4 18. g4 Nxd2 19. Nxd2 Rfe8 20. g5 Nd7 21. Nd5
Qc5+ 22. Kh1 Bf8 23. c3 Re5 24. Rxe5 dxe5 25. Rd1 Nb6 26. Nb3 Qc6 27. Na5 Qd7
28. Nf6+ gxf6 29. Rxd7 Nxd7 30. gxf6+ Kh8 31. Qb7 1-0

[Event "France Jeunes Belfort 2017"]
[Site "Belfort"]
[Date "2017.04.16"]
[Round "3.3"]
[White "Bellahcene, Meriem"]
[Black "Le Du, Anaelle"]
[Result "1-0"]
[WhiteElo "1919"]
[BlackElo "1535"]
[PlyCount "59"]
[EventDate "2017.??.??"]
[TimeControl "6000+950"]
[WhiteClock "0:11:32"]
[BlackClock "0:08:50"]

1. e4 c5 2. Nf3 Nc6 3. Bb5 d6 4. O-O Bd7 5. c3 Nf6 6. Re1 a6 7. Bxc6 Bxc6 8. d3
g6 9. Bg5 Bg7 10. Nbd2 O-O 11. d4 cxd4 12. Nxd4 Rc8 13. h3 Rc7 14. Qe2 Re8 15.
Qe3 b5 16. a4 bxa4 17. Nxc6 Rxc6 18. Rxa4 Nd7 19. Rea1 Nc5 20. R4a2 Qc7 21. Bh6
Bf6 22. Qe2 Rb8 23. Be3 Nb3 24. Nxb3 Rxb3 25. Rxa6 Rxa6 26. Rxa6 Kg7 27. Qd2
Qb7 28. Bh6+ Kg8 29. Qe2 Rxb2 30. Qxb2 1-0

[Event "France Jeunes Belfort 2017"]
[Site "Belfort"]
[Date "2017.04.16"]
[Round "3.3"]
[White "Bouvet, Florian"]
[Black "Baudry, Remi"]
[Result "1/2-1/2"]
[WhiteElo "2183"]
[BlackElo "1940"]
[PlyCount "84"]
[EventDate "2017.??.??"]
[TimeControl "6000+930"]
[WhiteClock "0:00:49"]
[BlackClock "0:01:41"]

1. Nf3 d5 2. d4 Nf6 3. g3 c5 4. Bg2 Nc6 5. O-O Bg4 6. Ne5 Bf5 7. Nxc6 bxc6 8.
c4 e6 9. Nc3 Rb8 10. e3 Qd7 11. Qe2 Be7 12. Rd1 O-O 13. b3 Rfc8 14. dxc5 Bxc5
15. Na4 Bd6 16. Bb2 Ne4 17. Rac1 Qe7 18. cxd5 cxd5 19. Qa6 Nc5 20. Nxc5 Rxc5
21. Bd4 Rc7 22. Bb2 Rb6 23. Qa4 Rxc1 24. Rxc1 h6 25. Rc8+ Kh7 26. Ra8 Rb7 27.
e4 dxe4 28. Bxe4 Rc7 29. Qd4 f6 30. Qd3 Bxe4 31. Qxe4+ g6 32. Kg2 Bc5 33. Qf4
Kg7 34. Bc1 g5 35. Qf3 Bd4 36. Qd1 Qc5 37. Rd8 e5 38. Be3 Bxe3 39. Rd7+ Rxd7
40. Qxd7+ Kg6 41. Qd3+ f5 42. Qxe3 Qc6+ 1/2-1/2

[Event "France Jeunes Belfort 2017"]
[Site "Belfort"]
[Date "2017.04.16"]
[Round "3.3"]
[White "Chachiachvili, Mariam"]
[Black "Bruneau, Maylis"]
[Result "1/2-1/2"]
[WhiteElo "1694"]
[BlackElo "1794"]
[PlyCount "87"]
[EventDate "2017.??.??"]
[TimeControl "6000+910"]
[WhiteClock "0:14:54"]
[BlackClock "0:01:21"]

1. e4 c5 2. Nf3 Nc6 3. Nc3 g6 4. Bc4 Bg7 5. d3 Nf6 6. Bg5 O-O 7. Qd2 a6 8. a3
b5 9. Ba2 d6 10. Bh6 Rb8 11. Bxg7 Kxg7 12. Nd5 e6 13. Nxf6 Qxf6 14. c3 a5 15.
Qg5 Qxg5 16. Nxg5 b4 17. axb4 axb4 18. O-O h6 19. Nf3 Bd7 20. Bc4 bxc3 21. bxc3
Rb2 22. Rfb1 Rfb8 23. Rxb2 Rxb2 24. h3 Rc2 25. Ra3 g5 26. Kf1 Kg6 27. Bb5 h5
28. c4 g4 29. hxg4 hxg4 30. Ne1 Rd2 31. Bxc6 Bxc6 32. Ra6 Bb7 33. Rxd6 Bxe4 34.
Rd8 Bf5 35. Rc8 Bxd3+ 36. Nxd3 Rxd3 37. Rxc5 Rc3 38. Rc8 f5 39. Ke2 Rc2+ 40.
Ke3 Kf6 41. g3 Ke5 42. Rc6 Kf6 43. Rc7 Ke5 44. Rc6 1/2-1/2

[Event "France Jeunes Belfort 2017"]
[Site "Belfort"]
[Date "2017.04.16"]
[Round "3.3"]
[White "Defromont, Benjamin"]
[Black "Harutyunyan, Ruben"]
[Result "1-0"]
[WhiteElo "1946"]
[BlackElo "2218"]
[PlyCount "120"]
[EventDate "2017.??.??"]
[TimeControl "6000+1160"]
[WhiteClock "0:02:44"]
[BlackClock "0:19:38"]

1. e4 c5 2. Nf3 Nf6 3. Nc3 d6 4. d4 cxd4 5. Nxd4 a6 6. Be2 e6 7. O-O Be7 8. Be3
Qc7 9. Bf3 Nc6 10. a4 Bd7 11. Nb3 Ne5 12. Be2 Nc4 13. Bxc4 Qxc4 14. Qd3 Qxd3
15. cxd3 Bc6 16. f3 O-O 17. a5 Rac8 18. Rfc1 Nd7 19. f4 Rfd8 20. Rd1 Nc5 21.
Nxc5 dxc5 22. Kf1 f5 23. exf5 exf5 24. d4 cxd4 25. Bxd4 Kf7 26. Bb6 Rxd1+ 27.
Rxd1 Bf6 28. Kf2 h6 29. g3 g5 30. fxg5 hxg5 31. Rd2 f4 32. Ne2 Rh8 33. Kg1 Be5
34. Bd4 Rd8 35. Bc3 Rxd2 36. Bxd2 f3 37. Nc3 Bd4+ 38. Kf1 g4 39. Nd1 Bb5+ 40.
Ke1 Bd7 41. Be3 Be5 42. Kf2 Ke6 43. Nc3 Bc6 44. Ke1 Bd6 45. Bb6 Bb4 46. Bc7 Kd7
47. Bb6 Kd6 48. Kf2 Bc5+ 49. Bxc5+ Kxc5 50. Nd1 Kb5 51. Ne3 Bd7 52. Nd5 Kxa5
53. Nf6 Be6 54. h4 gxh3 55. Kxf3 Kb4 56. g4 Kb3 57. g5 Kxb2 58. g6 a5 59. Ne4
Bd5 60. g7 h2 1-0

[Event "France Jeunes Belfort 2017"]
[Site "Belfort"]
[Date "2017.04.16"]
[Round "3.3"]
[White "Eugene, Floryan"]
[Black "Callet, Antoine"]
[Result "1-0"]
[WhiteElo "2271"]
[BlackElo "2068"]
[PlyCount "67"]
[EventDate "2017.??.??"]
[TimeControl "6000+1965"]
[WhiteClock "0:06:47"]
[BlackClock "0:04:23"]

1. e4 c5 2. Nf3 e6 3. g3 Nc6 4. Bg2 d5 5. exd5 exd5 6. d4 Nf6 7. O-O Be7 8.
dxc5 Bxc5 9. Nbd2 O-O 10. Nb3 Be7 11. Bf4 Re8 12. c3 Ne4 13. Nfd4 Bf6 14. Re1
g5 15. Nxc6 bxc6 16. Be3 Bf5 17. Bd4 Bg6 18. Qf3 Re6 19. Rad1 Bxd4 20. Nxd4 Rf6
21. Qe3 Nxf2 22. Rd2 Ne4 23. Bxe4 Bxe4 24. Qxg5+ Rg6 25. Qxd8+ Rxd8 26. Nxc6
Rxc6 27. Rxe4 dxe4 28. Rxd8+ Kg7 29. Kf2 Rh6 30. h4 Rf6+ 31. Ke3 Rf3+ 32. Kxe4
Rxg3 33. Kf4 Rg2 34. Rb8 1-0

[Event "France Jeunes Belfort 2017"]
[Site "Belfort"]
[Date "2017.04.16"]
[Round "3.3"]
[White "Gospodaru, Teodora"]
[Black "Chemla, Anouk"]
[Result "1/2-1/2"]
[WhiteElo "1827"]
[BlackElo "1557"]
[PlyCount "95"]
[EventDate "2017.??.??"]
[TimeControl "6000+1125"]
[WhiteClock "0:12:10"]
[BlackClock "0:29:53"]

1. d4 Nf6 2. c4 g6 3. f3 Bg7 4. e4 d6 5. Nc3 O-O 6. Be3 Nc6 7. Qd2 e5 8. d5 Ne7
9. Bd3 Nd7 10. g4 Nc5 11. Bc2 a5 12. Nge2 f5 13. gxf5 gxf5 14. Bh6 Ng6 15.
O-O-O f4 16. Bxg7 Kxg7 17. Qe1 Qh4 18. h3 Qxe1 19. Rdxe1 Nh4 20. Ref1 Kf6 21.
Nb5 Rf7 22. Rf2 Rg7 23. Rg1 Rxg1+ 24. Nxg1 Na6 25. Kd2 Bd7 26. Ke1 Rg8 27. Kf1
Rg3 28. a3 Bxh3+ 29. Nxh3 Rxh3 30. Ke2 h5 31. c5 Ke7 32. cxd6+ cxd6 33. Na7 Kd8
34. Bd3 Nc7 35. b4 axb4 36. axb4 Rh1 37. b5 Ra1 38. b6 Na8 39. Nb5 Kd7 40. Nc3
Rh1 41. Na4 Rg1 42. Bb5+ Kd8 43. Rh2 Rg2+ 44. Rxg2 Nxg2 45. Kf2 Nh4 46. Be2 Ng6
47. Kg1 Ne7 48. Bf1 1/2-1/2

[Event "France Jeunes Belfort 2017"]
[Site "Belfort"]
[Date "2017.04.16"]
[Round "3.3"]
[White "Marcellier, Lucie"]
[Black "Kuhn, Mathilde"]
[Result "1-0"]
[WhiteElo "1557"]
[BlackElo "1313"]
[PlyCount "153"]
[EventDate "2017.??.??"]
[TimeControl "6000+730"]
[WhiteClock "0:09:07"]
[BlackClock "0:04:10"]

1. d4 Nf6 2. Nf3 g6 3. Bf4 Bg7 4. e3 d6 5. h3 O-O 6. Be2 Nbd7 7. O-O Qe8 8. c4
e5 9. Bh2 Qe7 10. Nc3 c6 11. b4 Ne8 12. Qb3 e4 13. Nd2 f5 14. c5+ d5 15. b5 Qf6
16. Rfc1 Bh6 17. a4 a5 18. Bf1 Kh8 19. Ne2 g5 20. f4 g4 21. hxg4 fxg4 22. Qc3
Ng7 23. Nb3 Qd8 24. b6 Nf5 25. Ra3 Rg8 26. g3 Qe8 27. Nxa5 Qh5 28. Rc2 Nxe3 29.
Qxe3 Rxa5 30. Qc3 Ra8 31. a5 Rg6 32. Qb2 Nb8 33. Nc3 Na6 34. Na2 Rg7 35. Nb4
Nxb4 36. Qxb4 Re7 37. Re2 Bg7 38. Ree3 Qh6 39. Ra4 Qf6 40. Kg2 Kg8 41. Bg1 h5
42. Bf2 Kh7 43. Rb3 Qf7 44. Be3 Bf6 45. Be2 Kg7 46. Rb1 Kh7 47. Rh1 Kg7 48.
Raa1 Kg6 49. Rh2 Qh7 50. Rah1 Rd7 51. Bxg4 hxg4 52. Rxh7 Rxh7 53. Rxh7 Kxh7 54.
Kf2 Bf5 55. Ke2 Kg6 56. Kd2 Kg7 57. Kc3 Kg6 58. Kb3 Kg7 59. Ka4 Kg6 60. Qe1 Kg7
61. Qh1 Kg6 62. Qh2 Rh8 63. Qxh8 Bxh8 64. a6 bxa6 65. b7 a5 66. b8=Q Bf6 67.
Kxa5 Bd7 68. Qc7 Be8 69. f5+ Kxf5 70. Qf4+ Ke6 71. Qxg4+ Kf7 72. Qf5 Kg7 73. g4
Bg6 74. Qd7+ Bf7 75. Qxc6 Bd8+ 76. Kb4 Kh7 77. Qd7 1-0

[Event "France Jeunes Belfort 2017"]
[Site "Belfort"]
[Date "2017.04.16"]
[Round "3.3"]
[White "Nguyen-Cadoret, Nathan"]
[Black "Droin, Augustin"]
[Result "1/2-1/2"]
[WhiteElo "1930"]
[BlackElo "1738"]
[PlyCount "166"]
[EventDate "2017.??.??"]
[TimeControl "6000+365"]
[WhiteClock "0:43:30"]
[BlackClock "1:11:01"]

1. d4 Nf6 2. c4 e6 3. Nf3 d5 4. g3 Be7 5. Bg2 Nc6 6. O-O O-O 7. Nc3 Ne4 8. Be3
f5 9. Nd2 Bg5 10. f4 Bf6 11. Nf3 h6 12. Ne5 Ne7 13. Rc1 c6 14. b4 Nxc3 15. Rxc3
dxc4 16. Rxc4 Nd5 17. Bxd5 Qxd5 18. Qc2 Rd8 19. Rc5 Qd6 20. Rc1 Bd7 21. Bf2
Rac8 22. b5 Bxe5 23. dxe5 Qf8 24. Rc3 cxb5 25. Bxa7 Rxc3 26. Qxc3 Rc8 27. Bc5
Qd8 28. Qe3 Bc6 29. Bd6 Bd5 30. a3 Rxc1+ 31. Qxc1 Qd7 32. Qc7 Qxc7 33. Bxc7 Kf7
34. Kf2 Ke8 35. Ke3 Kd7 36. Bd6 h5 37. Kd4 Kc6 38. e3 g6 39. Bb4 b6 40. Bd6 Be4
41. Be7 Bd5 42. Kc3 Be4 43. Bd8 Bf3 44. Kd4 Be4 45. Be7 Bd5 46. Bb4 Be4 47. Bc3
Bc2 48. Bb2 Be4 49. Kc3 Kc5 50. Kb3 Bd5+ 51. Kc2 Kc4 52. Bd4 b4 53. axb4 b5 54.
Bc5 Be4+ 55. Kd2 Kb3 56. Ke2 Kc2 57. Kf2 Kd2 58. h3 Kd3 59. Be7 Kd2 60. Bg5 Kc3
61. Be7 Kd2 62. Bd6 Kd3 63. Bc5 Kd2 64. Bd4 Kd3 65. Ke1 Bg2 66. h4 Bf3 67. Bc5
Be4 68. Kd1 Bf3+ 69. Ke1 Be4 70. Kd1 Bd5 71. Bb6 Bc4 72. Kc1 Ke2 73. Kc2 Kf3
74. Kc3 Kxg3 75. Bd8 Kf2 76. Kd4 Kf3 77. Bg5 Be2 78. Kc5 Kxe3 79. Kd6 Bc4 80.
Ke7 Ke4 81. Kf7 Kd5 82. Kxg6 Be2 83. Kf7 Bf3 1/2-1/2

[Event "France Jeunes Belfort 2017"]
[Site "Belfort"]
[Date "2017.04.16"]
[Round "3.3"]
[White "Tahay, Romain"]
[Black "Viel, Simon"]
[Result "0-1"]
[WhiteElo "1971"]
[BlackElo "2220"]
[PlyCount "74"]
[EventDate "2017.??.??"]
[TimeControl "6000+1115"]
[WhiteClock "0:00:35"]
[BlackClock "0:05:39"]

1. d4 Nf6 2. c4 c5 3. d5 b5 4. Nf3 Bb7 5. Qc2 bxc4 6. e4 e6 7. Bxc4 exd5 8.
exd5 Be7 9. O-O O-O 10. Re1 d6 11. Qb3 Qd7 12. Qd3 a5 13. Bd2 Bd8 14. Bf4 Na6
15. a3 Nh5 16. Ng5 g6 17. Bd2 Bf6 18. Nc3 Nc7 19. Qf3 Bg7 20. Rad1 Ba6 21. Bxa6
Rxa6 22. g4 Nf6 23. h3 Rb6 24. Bc1 Rb3 25. Qe2 Re8 26. Qc4 Rbb8 27. Nge4 Nxe4
28. Nxe4 Nb5 29. Qa4 f5 30. Nd2 fxg4 31. Qxg4 Qf7 32. Ne4 Rf8 33. Be3 Nd4 34.
Bxd4 Bxd4 35. Rd2 Qxd5 36. Red1 Rbe8 37. Ng5 h6 0-1

[Event "France Jeunes Belfort 2017"]
[Site "Belfort"]
[Date "2017.04.16"]
[Round "3.4"]
[White "Baroyan, Davit"]
[Black "Bergougnoux, Axel"]
[Result "0-1"]
[WhiteElo "1964"]
[BlackElo "2194"]
[PlyCount "56"]
[EventDate "2017.??.??"]
[TimeControl "6000+1305"]
[WhiteClock "0:00:33"]
[BlackClock "0:11:28"]

1. d4 Nf6 2. c4 g6 3. f3 d5 4. cxd5 Nxd5 5. e4 Nb6 6. Nc3 Bg7 7. Be3 O-O 8. Qd2
f5 9. e5 Nc6 10. O-O-O Nb4 11. h4 h5 12. Nh3 Qe8 13. a3 Nc6 14. Nb5 Qd8 15. Nf4
Kh7 16. g4 fxg4 17. Bd3 Rxf4 18. Bxf4 gxf3 19. Qc2 Bg4 20. Bxg6+ Kh8 21. Kb1 a6
22. Nc3 Nxd4 23. Qe4 c5 24. Bg5 Nc4 25. Nd5 Qa5 26. Rd3 Qb5 27. Rh2 Ne2 28. Nc3
Qxb2# 0-1

[Event "France Jeunes Belfort 2017"]
[Site "Belfort"]
[Date "2017.04.16"]
[Round "3.4"]
[White "David, Iris"]
[Black "Leriche, Ines"]
[Result "0-1"]
[WhiteElo "1587"]
[BlackElo "2037"]
[PlyCount "60"]
[EventDate "2017.??.??"]
[TimeControl "6000+695"]
[WhiteClock "0:35:09"]
[BlackClock "0:20:43"]

1. d4 d5 2. c4 c6 3. Nc3 Nf6 4. cxd5 cxd5 5. Bf4 Nc6 6. e3 a6 7. Nf3 Bg4 8. Be2
e6 9. Ne5 Bxe2 10. Qxe2 Rc8 11. Nxc6 Rxc6 12. a3 Be7 13. O-O O-O 14. Rac1 Qa5
15. Qd3 Rfc8 16. Rc2 Ne4 17. Rfc1 Nxc3 18. Rxc3 Rxc3 19. Rxc3 Rxc3 20. Qxc3
Qxc3 21. bxc3 Bxa3 22. Bc7 Kf8 23. Kf1 Ke7 24. Ke2 Kd7 25. Ba5 Kc6 26. Kd3 Kb5
27. Bc7 a5 28. e4 a4 29. e5 Be7 30. Kc2 b6 0-1

[Event "France Jeunes Belfort 2017"]
[Site "Belfort"]
[Date "2017.04.16"]
[Round "3.4"]
[White "Favarel-Lubeigt, Helina"]
[Black "David, Marie"]
[Result "1/2-1/2"]
[WhiteElo "1537"]
[BlackElo "1290"]
[PlyCount "150"]
[EventDate "2017.??.??"]
[TimeControl "6000+690"]
[WhiteClock "0:06:35"]
[BlackClock "0:07:24"]

1. d4 d5 2. c4 e6 3. Nc3 c6 4. e3 f5 5. b3 Bd6 6. Nf3 Nd7 7. Bb2 Ngf6 8. Ne2
Ne4 9. a3 Qa5+ 10. Nd2 Qd8 11. Nf4 Qf6 12. Be2 O-O 13. Nf3 b6 14. Rc1 Bb7 15.
O-O e5 16. Nd3 exd4 17. Bxd4 Qe6 18. Bb2 Rac8 19. Nd4 Qh6 20. h3 dxc4 21. Rxc4
c5 22. Nf3 Bd5 23. Rc1 Qe6 24. b4 cxb4 25. Nxb4 Bb3 26. Qd4 Ndf6 27. Nd2 Nxd2
28. Qxd2 Rfd8 29. Qe1 Kh8 30. Nc6 Bh2+ 31. Kxh2 Rxc6 32. Rxc6 Qxc6 33. Bf3 Qd6+
34. Kg1 Bc4 35. Be2 Bb3 36. Qb1 Ne4 37. Bxg7+ Kxg7 38. Qxb3 Nd2 39. Qb2+ Kg6
40. Rd1 f4 41. Qb4 fxe3 42. Qxd6+ Rxd6 43. fxe3 Kf5 44. g4+ Kg5 45. Kg2 h6 46.
Bf3 b5 47. Be2 a6 48. Rc1 Ne4 49. Kf3 Nd2+ 50. Kg2 Ne4 51. Rd1 Rxd1 52. Bxd1 a5
53. Kf3 Nd2+ 54. Ke2 Ne4 55. Bc2 Nc3+ 56. Kd3 Nd5 57. e4 Nf4+ 58. Kd4 Kf6 59.
h4 Ng6 60. h5 Ne5 61. Bd1 b4 62. axb4 axb4 63. Be2 b3 64. Kc3 Kg5 65. Kxb3 Nxg4
66. Bxg4 Kxg4 67. Kc4 Kxh5 68. Kd5 Kg6 69. e5 Kf7 70. Kd6 Ke8 71. Ke6 h5 72.
Kf5 h4 73. Kg4 Ke7 74. Kf4 Ke6 75. Ke4 h3 1/2-1/2

[Event "France Jeunes Belfort 2017"]
[Site "Belfort"]
[Date "2017.04.16"]
[Round "3.4"]
[White "Kambrath, Yannick"]
[Black "Dudognon, Thibault"]
[Result "1-0"]
[WhiteElo "2341"]
[BlackElo "2218"]
[PlyCount "81"]
[EventDate "2017.??.??"]
[TimeControl "6000+755"]
[WhiteClock "0:07:02"]
[BlackClock "0:05:37"]

1. Nf3 d5 2. g3 Bg4 3. Bg2 Nd7 4. O-O c6 5. d3 Ngf6 6. Qe1 e5 7. e4 dxe4 8.
dxe4 Qc7 9. Nbd2 h6 10. Nh4 O-O-O 11. a4 Be6 12. Qe2 g6 13. Nc4 Nb6 14. Ne3 a5
15. Bd2 Nc4 16. Bc3 Nxe3 17. Qxe3 b6 18. Nf3 Nd7 19. Rfd1 f6 20. Qe1 c5 21. Nh4
Bf7 22. Bh3 Be7 23. Ng2 h5 24. Ne3 h4 25. Qf1 Kb7 26. Nd5 Bxd5 27. Rxd5 hxg3
28. hxg3 Nb8 29. Rad1 Rxd5 30. Rxd5 Bd6 31. Bg2 c4 32. Qd1 Bb4 33. Bxb4 axb4
34. Qg4 Qf7 35. f4 Re8 36. Bf1 f5 37. Qf3 fxe4 38. Qxe4 exf4 39. Re5+ Nc6 40.
Rxe8 fxg3 41. Bg2 1-0

[Event "France Jeunes Belfort 2017"]
[Site "Belfort"]
[Date "2017.04.16"]
[Round "3.4"]
[White "Meillon, Judicael"]
[Black "Lamhene, Elias"]
[Result "1-0"]
[WhiteElo "1884"]
[BlackElo "1715"]
[PlyCount "123"]
[EventDate "2017.??.??"]
[TimeControl "6000+580"]
[WhiteClock "0:37:10"]
[BlackClock "0:36:52"]

1. e4 c5 2. b4 d6 3. Nf3 Nf6 4. Bb5+ Bd7 5. Bxd7+ Nbxd7 6. bxc5 Nxc5 7. d3 g6
8. Nc3 Bg7 9. Bd2 O-O 10. O-O d5 11. exd5 Nxd5 12. Nxd5 Qxd5 13. d4 Ne4 14. Bb4
Rfe8 15. Qd3 Ng5 16. Nxg5 Qxg5 17. Rad1 Rad8 18. Qe4 Qb5 19. c3 a5 20. Bc5 Qc4
21. Rb1 b5 22. Qc6 Rb8 23. Qa6 a4 24. Rfd1 Qxa2 25. Rxb5 Qe2 26. Rdb1 Rxb5 27.
Qxb5 Qxb5 28. Rxb5 Ra8 29. Ba3 e6 30. Kf1 Bf8 31. Bxf8 Kxf8 32. Ke2 a3 33. Rb1
a2 34. Ra1 Ke7 35. Kd3 Kd6 36. Kc4 Ra7 37. Kb3 Rb7+ 38. Kxa2 Kd5 39. Rb1 Rc7
40. Kb3 Ke4 41. Kc2 Rd7 42. Re1+ Kd5 43. Re5+ Kc6 44. Rc5+ Kb6 45. Kd3 f6 46.
Kc4 f5 47. Kb4 h5 48. Re5 Rd6 49. c4 Kc6 50. Rxe6 Rxe6 51. d5+ Kd6 52. dxe6
Kxe6 53. Kc5 Kd7 54. Kd5 h4 55. Ke5 Kc6 56. Kf6 f4 57. Kxg6 Kc5 58. Kf5 Kxc4
59. Kxf4 Kd5 60. Kg5 Ke6 61. f4 Kf7 62. f5 1-0

[Event "France Jeunes Belfort 2017"]
[Site "Belfort"]
[Date "2017.04.16"]
[Round "3.4"]
[White "Mutzel, Annabelle"]
[Black "Vigna, Liza"]
[Result "1-0"]
[WhiteElo "1607"]
[BlackElo "1864"]
[PlyCount "41"]
[EventDate "2017.??.??"]
[TimeControl "6000+1255"]
[WhiteClock "1:13:49"]
[BlackClock "0:42:05"]

1. e4 d5 2. exd5 Qxd5 3. Nc3 Qa5 4. d4 Nf6 5. Nf3 Bg4 6. h3 Bh5 7. g4 Bg6 8.
Bd2 Nc6 9. Nb5 Qb6 10. c4 Nb8 11. c5 Qe6+ 12. Ne5 Na6 13. Qa4 c6 14. Qxa6 bxa6
15. Nc7+ Kd8 16. Nxe6+ fxe6 17. Nxc6+ Kc7 18. Nb4 Rd8 19. Bf4+ Kb7 20. Bxa6+
Ka8 21. c6 1-0

[Event "France Jeunes Belfort 2017"]
[Site "Belfort"]
[Date "2017.04.16"]
[Round "3.4"]
[White "Principato, Guillaume"]
[Black "Kieffer, Anatole"]
[Result "0-1"]
[WhiteElo "2073"]
[BlackElo "2263"]
[PlyCount "86"]
[EventDate "2017.??.??"]
[TimeControl "6000+1075"]
[WhiteClock "0:00:36"]
[BlackClock "0:03:19"]

1. c4 Nf6 2. Nc3 g6 3. g3 Bg7 4. Bg2 O-O 5. Nf3 d6 6. d4 Nc6 7. d5 Na5 8. Nd2
c5 9. O-O a6 10. Rb1 Rb8 11. Qc2 b5 12. b3 Qc7 13. Bb2 bxc4 14. bxc4 Bh6 15. f4
Ng4 16. Rf3 Bg7 17. Nd1 e5 18. h3 Nh6 19. e4 f5 20. fxe5 dxe5 21. Ne3 Nb7 22.
exf5 gxf5 23. Nef1 Bd7 24. Re1 Nf7 25. Rf2 Nbd6 26. Nb3 Rfc8 27. Rfe2 Nb7 28.
Qd2 a5 29. Qc2 a4 30. Nbd2 Nbd6 31. Rb1 Re8 32. Ree1 Re7 33. Bc3 Rf8 34. Re2
Ng5 35. Kh2 f4 36. gxf4 Rxf4 37. Bb2 Rh4 38. Re3 Nf5 39. Ra3 e4+ 40. Ng3 e3 41.
Ndf1 Nxg3 42. Nxg3 Bxh3 43. Bxg7 Bf5+ 0-1

[Event "France Jeunes Belfort 2017"]
[Site "Belfort"]
[Date "2017.04.16"]
[Round "3.4"]
[White "Tomasi, Albert"]
[Black "Raclot, Leo"]
[Result "1-0"]
[WhiteElo "2176"]
[BlackElo "1887"]
[PlyCount "57"]
[EventDate "2017.??.??"]
[TimeControl "6000+790"]
[WhiteClock "0:15:17"]
[BlackClock "0:13:00"]

1. e4 d5 2. exd5 Nf6 3. d4 Nxd5 4. Nf3 g6 5. c4 Nb6 6. Be2 Bg7 7. O-O O-O 8.
Be3 Nc6 9. h3 e5 10. d5 Ne7 11. Nc3 Nf5 12. Bc5 Nd6 13. Ba3 Nbxc4 14. Bxc4 Nxc4
15. Bxf8 Qxf8 16. Qe2 e4 17. Nxe4 Nxb2 18. Rac1 Bf5 19. Rfe1 Qd8 20. g4 Bxe4
21. Qxe4 Qd6 22. Nd4 Qb6 23. Nb3 Rd8 24. Rc2 a5 25. Qe7 c6 26. dxc6 Rc8 27.
Qe8+ Rxe8 28. Rxe8+ Bf8 29. c7 1-0

[Event "France Jeunes Belfort 2017"]
[Site "Belfort"]
[Date "2017.04.16"]
[Round "3.4"]
[White "Tomasi, Elise"]
[Black "David, Irene"]
[Result "1/2-1/2"]
[WhiteElo "1761"]
[BlackElo "1545"]
[PlyCount "70"]
[EventDate "2017.??.??"]
[TimeControl "6000+1055"]
[WhiteClock "0:04:43"]
[BlackClock "0:07:14"]

1. d4 d5 2. Nf3 Nc6 3. c4 e5 4. cxd5 Qxd5 5. dxe5 Qxd1+ 6. Kxd1 Bg4 7. b3
O-O-O+ 8. Nbd2 Bc5 9. Ke1 Nb4 10. Kd1 Bxf2 11. a3 Nc6 12. Bb2 Be3 13. Ke1 Nge7
14. Rd1 Ng6 15. g3 Bxf3 16. exf3 Ngxe5 17. Be2 Rhe8 18. Bxe5 Nxe5 19. Ne4 f5
20. Nf2 Bc5 21. Kf1 Rxd1+ 22. Nxd1 Bxa3 23. f4 Ng4 24. Bd3 g6 25. h3 Ne3+ 26.
Kf2 Bc5 27. Kf3 Nxd1 28. Rxd1 Re3+ 29. Kg2 c6 30. Rd2 Bb4 31. Rd1 b5 32. g4
fxg4 33. hxg4 Bd6 34. Bxg6 Bxf4 35. Bxh7 a6 1/2-1/2

[Event "France Jeunes Belfort 2017"]
[Site "Belfort"]
[Date "2017.04.16"]
[Round "3.5"]
[White "Dillenschneider, Ernesto"]
[Black "Lamard, Guillaume"]
[Result "0-1"]
[WhiteElo "2037"]
[BlackElo "2307"]
[PlyCount "60"]
[EventDate "2017.??.??"]
[TimeControl "6000+2025"]
[WhiteClock "0:19:28"]
[BlackClock "0:18:56"]

1. d4 d6 2. c4 e5 3. Nf3 exd4 4. Nxd4 g6 5. g3 Bg7 6. Bg2 Ne7 7. Nc3 O-O 8. Bg5
h6 9. Be3 a6 10. Qd2 Kh7 11. Rd1 Nd7 12. h3 Rb8 13. b3 Nf6 14. g4 Bd7 15. a4
Nc6 16. Nd5 Re8 17. O-O Ne4 18. Qc2 Ng5 19. Nf4 Ne5 20. Bc1 c5 21. Nf3 Ngxf3+
22. exf3 Bc6 23. Nh5 Bh8 24. Qd2 gxh5 25. Qxh6+ Kg8 26. Rxd6 Qe7 27. Bb2 Bg7
28. Qd2 Rbd8 29. Rxd8 Rxd8 30. Qe3 Nxf3+ 0-1

[Event "France Jeunes Belfort 2017"]
[Site "Belfort"]
[Date "2017.04.16"]
[Round "3.6"]
[White "Fleurquin, Bryan"]
[Black "Micottis, Dorian"]
[Result "0-1"]
[WhiteElo "1921"]
[BlackElo "2249"]
[PlyCount "68"]
[EventDate "2017.??.??"]
[TimeControl "5400+1020"]
[WhiteClock "0:00:49"]
[BlackClock "0:06:49"]

1. e4 c5 2. Nc3 e6 3. f4 d5 4. Bb5+ Nc6 5. exd5 exd5 6. d4 Nf6 7. Nf3 Be7 8.
Ne5 Qb6 9. Be3 O-O 10. Bxc6 bxc6 11. O-O cxd4 12. Bxd4 c5 13. Bf2 Bb7 14. Rb1
d4 15. Ne2 Rad8 16. Ng3 Ne4 17. Nf5 Bf6 18. Bh4 Bxh4 19. Nxh4 f6 20. Nc4 Qe6
21. Qe2 Rfe8 22. Nd2 Ba6 23. Qxe4 Qxe4 24. Nxe4 Bxf1 25. Nxc5 Bc4 26. b3 Bb5
27. a4 Bc6 28. Kf2 Be4 29. Rb2 a5 30. Nf3 Bxf3 31. Kxf3 Re3+ 32. Kf2 Rde8 33.
Nb7 Re2+ 34. Kf1 d3 0-1